000 00724nam a22002297a 4500
005 20170124110257.0
010 _aA-646012
020 _c200.00
_a8185487049
035 _aA-646012
037 _bCen Lib/ Ret
040 _aDPL
_bEN
082 _a360
_bSTA
245 _aState of the world 1992 :
_cedited by Linda Starke
_b a worldwatch institute report on progress toward a sustainable society /
260 _aNew Delhi
_bHorizon India Books
_c1992
270 _aA-12, Sujan Singh Park
_bNew Delhi
300 _a256p.
_c20cm(Hb)
500 _aIncludes index.
650 _aSocial Work
_91156
650 _aSocial Science
_9140815
700 _aStarke, Linda
_9140816
942 _2ddc
_cEN
_h360
_mSTA
999 _c136295
_d136295